000 00372cam a22001217a 4500
008 180718b1986 xxu||||| |||| 00| 0 eng d
082 _aA75 Ut8BU
245 _aUttar Pradesh district gazetteers: Budaun
_cedited by Balwant Singh
260 _aLucknow
_bDepartment of District Gazetteers
_c1986
300 _a275p.
650 _aBudaun - Gazetteers
700 _aSingh, Balwant
999 _c486561
_d486561